02284cam a2200337 i 450000100090000000300040000900500170001300800410003001000170007102000310008803500130011904000420013204200080017404300120018205000220019424501170021626400680033330000270040133600260042833700280045433800270048250400510050952009480056065000600150865000560156865000530162465500810167770000260175870000390178477601230182323761103OSt20260514110827.0240702s2024 nyu b 001 0 eng  a 2024029603 a9781032533889q(paperback) a23761103 aNIC/DLCbengerdacDLCdDLCdMILA_ain apcc aa------00aHD49.3b.C77 202500aCrisis communication cases from Asia :ba cultural approach /cedited by Krishnamurthy Sriramesh and Su Lin Yeo. 1aNew York ;aLondon :bRoutledge, Taylor & Francis Group,c2025. axx, 206 pages ;c24 cm atextbtxt2rdacontent aunmediatedbn2rdamedia avolumebnc2rdacarrier aIncludes bibliographical references and index. a"This book analyzes crisis communication in Asia, focusing on how culture plays a central role in the way a crisis develops and is resolved. Using the case study method, this book offers the reader glimpses of the variety of cultures in the continent, displaying the complexity of the cross-cultural process of conducting crisis communication campaigns in this diverse context. Each of these cases addresses the onset, evolution, and resolution of the crisis. The contributors are seasoned practitioners who have done crisis communication work in this continent and have used the same framework of five environmental variables that define culture in this book: political culture; economic systems; societal culture; media systems; and activist environments. This edited volume is ideal for scholars and advanced students in public relations and strategic communication generally and crisis communication specifically"--cProvided by publisher. 0aCommunication in crisis managementzAsiavCase studies. 0aCorporationsxPublic relationszAsiavCase studies. 0aIntercultural communicationzAsiavCase studies. 7aCase studies.2lcgft0https://id.loc.gov/authorities/genreForms/gf20170261401 aYeo, Su Lin,eeditor.1 aSriramesh, Krishnamurthy,eeditor.08iOnline version:tCrisis communication cases from AsiadNew York, NY : Routledge, 2025z9781032637679w(DLC) 2024029604